000 00280nam a2200121Ia 4500
008 170203s9999 xx 000 0 und d
020 _a8178132761
050 _aFic
050 _b.C883
245 4 _aThe Crab and the Heron /
260 _aIndia :
260 _bSunrise Publishers
999 _c306026
_d306026